| 000 | 00842nam a2200157 a 4500 | ||
|---|---|---|---|
| 008 | 120416s1997 ||||||||||||||||| || u | ||
| 050 | _aGOV.ZAM(02)1997/7 | ||
| 245 | 0 | 0 | _aDemocracy aborted: the manipulation of the constitution of Zambia and the electoral process, and the rigging of the 18 November, 1996 Presidential and Parliamentary Elections |
| 260 |
_aLusaka _bUNIP _c1997 |
||
| 300 | _a59p. : ill. | ||
| 350 | _a0.00 | ||
| 650 | _aELECTIONS--ZAMBIA | ||
| 650 | _aZAMBIA--POLITICS AND GOVERNMENT--UNITED NATIONAL INDEPENDENCE PARTY (UNIP) | ||
| 995 |
_aSPECIAL COLLECTIONS _D0.00 _e9003376 _FCBU-MAIN LIBRARY (Kitwe) _H1 _I0.00 _jGOV.ZAM(02) _UAVAILABLE _y9003376 _ZZambiana Collection |
||
| 995 |
_aSPECIAL COLLECTIONS _D0.00 _e020648 _FCBU-MAIN LIBRARY (Kitwe) _H1 _I0.00 _jGOV.ZAM(02)1997/7 _M1 _UAVAILABLE _WJul 9, 2009 _y020648 _ZZambiana Collection |
||
| 999 |
_c63423 _d63423 |
||